Statistics for Biggest Country In The World By Area ( A - Z )

Click here to take the quiz!

General Stats

  • This quiz has been taken 27 times
    (12 since last reset)
  • The average score is 18 of 25

Answer Stats

HintAnswer% Correct
CCanada
100%
AAustralia
91%
BBrazil
91%
IIndia
91%
DDenmark
82%
FFrance
82%
GGermany
82%
OOman
82%
YYemen
82%
ZZambia
82%
EEthiopia
73%
JJapan
73%
KKazakhstan
73%
MMexico
73%
QQatar
73%
RRussia
73%
UUsa
73%
VVenezuela
73%
NNiger
64%
HHonduras
55%
LLibya
55%
PPeru
55%
SSaudi Arabia
45%
TTanzania
45%
WWales
0%

Score Distribution

Percentile by Number Answered

Percent of People with Each Score

Your Score History

You have not taken this quiz since the last reset